000 00950nam a22003137a 4500
001 0074
003 DO-SdBNP
005 20180202104536.0
007 0074
008 151106b sp 1981 ||||| |||| 00| 0 spa d
020 _a8475250009
040 _aBPMSU
_bspa
_cBPMSU
041 1 7 _aspa
_heng
100 1 _aCrane, Stephen,
_d1871-1900
245 1 3 _aEl rojo emblema del valor /
_6Stephen Crane ; traducción Micaela Missiego ; ilustración Charles Mozley
246 1 0 _5The red badge of courage
260 _aMadrid, España :
_bAnaya,
_c1981.
300 _a223 p. :
_bil.,
_c20 cm.
490 1 _aTus libros
490 1 _aTu problematica
504 _aIncluye referencias bibliográficas y notas al pie de las páginas
700 1 2 _aMissiego, Micaela,
_etr.
700 1 2 _aMozley, Charles,
_eil.
830 0 _aTus libros
830 0 _aTu problematica
942 _2ddc
_cBK
945 _aInventariado, 2018 /LP
956 _aBrenda Tavárez
_b10
999 _c8608
_d8608